Bharatiya sahitya: (Record no. 12283)

MARC details
000 -LEADER
fixed length control field 00590nam a22002057a 4500
005 - DATE AND TIME OF LATEST TRANSACTION
control field 20250918094417.0
008 - FIXED-LENGTH DATA ELEMENTS--GENERAL INFORMATION
fixed length control field 250918b |||||||| |||| 00| 0 eng d
020 ## - INTERNATIONAL STANDARD BOOK NUMBER
International Standard Book Number 9789358495430
040 ## - CATALOGING SOURCE
Original cataloging agency IN-DiNC
Transcribing agency IN-DiNC
041 ## - LANGUAGE CODE
Language code of sung or spoken text Assamese
082 ## - DEWEY DECIMAL CLASSIFICATION NUMBER
Classification number 891.1
Item number BHA
245 ## - TITLE STATEMENT
Title Bharatiya sahitya:
Remainder of title Swarup aru mulyabudh/
Statement of responsibility, etc. ed. by Pallabi Deka Buzarbaruah and Swati Kiran
250 ## - EDITION STATEMENT
Edition statement 1st ed.
260 ## - PUBLICATION, DISTRIBUTION, ETC.
Place of publication, distribution, etc. Dibrugarh:
Name of publisher, distributor, etc. Banalata,
Date of publication, distribution, etc. 2025.
300 ## - PHYSICAL DESCRIPTION
Extent 328p.
650 ## - SUBJECT ADDED ENTRY--TOPICAL TERM
Topical term or geographic name entry element Indian literature
700 ## - ADDED ENTRY--PERSONAL NAME
Personal name Buzarbaruah, Pallabi Deka
Relator term Editor
700 ## - ADDED ENTRY--PERSONAL NAME
Personal name Kiran, Swati
Relator term Editor
942 ## - ADDED ENTRY ELEMENTS (KOHA)
Source of classification or shelving scheme Dewey Decimal Classification
Koha item type Books
Holdings
Withdrawn status Lost status Source of classification or shelving scheme Damaged status Not for loan Collection code Home library Current library Shelving location Date acquired Cost, normal purchase price Total Checkouts Full call number Barcode Date last seen Copy number Price effective from Koha item type
    Dewey Decimal Classification     Assamese Central Library, Naharkatiya College Central Library, Naharkatiya College General Stacks 18/09/2025 400.00   891.1 BHA 31024 18/09/2025 1 18/09/2025 Books
    Dewey Decimal Classification     Assamese Central Library, Naharkatiya College Central Library, Naharkatiya College General Stacks 18/09/2025 400.00   891.1 BHA 31025 18/09/2025 2 18/09/2025 Books
    Dewey Decimal Classification     Assamese Central Library, Naharkatiya College Central Library, Naharkatiya College General Stacks 18/09/2025 400.00   891.1 BHA 31026 20/11/2025 3 18/09/2025 Books

Naharkatiya College © 2020. All rights reserved.

Powered By